000 00294pab a2200121 454500
008 180718b xxu||||| |||| 00| 0 eng d
100 _aDas, S.K.
245 _aBureaucracy: how to sharpen the tool
650 _a Bureaucracy
650 _aCivil Service
773 _aEconomic Times
909 _a23355
999 _c23355
_d23355